Statistiques concernant Culture Générale - Série 62

Cliquez ici pour prendre le quiz!

Statistiques générales

  • Ce quiz a été pris 98 fois
  • Le résultat moyen est 3 sur 10

Statistiques - réponses

QuestionRéponse% Correct
Quelle planète appelle-t-on "l'étoile du berger" ?Venus
83%
Qu'est-ce qu'un sapajou ?Singe
60%
Comment appelle-t-on la coiffure d'apparat à triple couronne que porte le pape ?Tiare
49%
Sur le drapeau de quel pays voit-on un lion avec une épée ?Sri Lanka
28%
Docteur de la loi musulmane, interprète du CoranUlema
24%
Qu'est-ce qu'une cattleya (fleur) ?Orchidée
13%
Embarcation de transport de marchandises sur les rivières et les estuaires - à voiles, à rames, à moteur.Gabare
13%
A quel autre oiseau plus connu ressemble le jabiru ?Cigogne
8%
Petite ligne à main à plusieurs hameçons, utilisée surtout par les pêcheurs de la MéditerranéePalangrotte
5%
Bonne chance "en hébreu" (2 mots)Mazal tov
4%

Distribution des résultats

Percentile par nombre de réponses

% des personnes avec chaque résultat

Votre développement - résultats

Vous n’avez pas pris ce quiz